000 nam a22 4500
999 _c8825
_d8825
008 180313b ||||| |||| 00| 0 eng d
100 _926782
_aRequina, Ivie.
245 _aIligan school launches reading program/
_cIvie Requina,
260 _aPhilippines:
_bThe Philippine Star,
_cc2017.
300 _apage B10.
650 0 _926783
_aBooks-Reading.
942 _2ddc
_cPER